Score 0/300 Timer 20:00
0 Plays Today
Rank Name % Correct
15John
93.3%
1Michael
88.7%
17James
87.3%
19William
86.2%
14David
84.4%
3Matthew
82.8%
23Robert
82.2%
31Thomas
82.2%
58Mark
81.7%
79Paul
80.3%
4Christopher
79.9%
11Daniel
79.7%
76Jack
79.2%
32Jose
79%
102Peter
79%
40Steven
77.5%
121George
77.2%
55Alex
75.9%
8Andrew
75.9%
12Joseph
75.5%
51Richard
75.3%
68Stephen
74.7%
183Andre
74.2%
49Charles
72.7%
27Samuel
72.2%
78Luke
71.6%
22Alexander
71.6%
29Benjamin
71.4%
2Jacob
71.1%
37Brian
70.9%
276Joe
70.7%
39Adam
70.5%
168Frank
70.3%
28Kevin
69.5%
100Edward
68.7%
43Timothy
68.1%
139Henry
67.5%
18Anthony
67.5%
16Ryan
67.3%
5Joshua
66.8%
21Jonathan
66.6%
6Nicholas
66.1%
41Jason
65.7%
34Nathan
65.6%
35Eric
63.8%
33Aaron
63.8%
13Zachary
63.5%
48Sean
63.2%
260Carl
62.8%
228Ty
62.3%
20Justin
61.9%
50Patrick
61.4%
231Marc
61.1%
103Gregory
60.6%
24Kyle
59.8%
10Tyler
59.6%
98Lucas
58.6%
7Brandon
58.5%
69Bryan
58.2%
124Jackson
58%
173Donald
57.5%
101Jake
57%
94Bradley
56%
93Marcus
55.9%
46Ethan
55.3%
70Ian
55.1%
109Shawn
54.9%
164Ronald
54.8%
244Jimmy
54.5%
25Christian
54.4%
158Alan
54.4%
26Jordan
54%
105Victor
53.7%
84Jeffrey
52.9%
64Jeremy
52.5%
166Phillip
52.1%
60Evan
51.9%
113Scott
51.7%
83Kenneth
51.6%
118Vincent
51.2%
217Andy
50.5%
38Noah
50.3%
155Martin
50.1%
162Liam
49.8%
65Nathaniel
49.8%
73Isaac
49.8%
292Jay
49.1%
219Allen
48.8%
280Tommy
48.6%
54Juan
48.6%
195Philip
48.5%
71Jesus
48.4%
236Louis
48.1%
87Taylor
47.9%
299Bobby
47.8%
242Tony
47.6%
232Gary
47.5%
243Larry
47.2%
211Johnny
46.7%
253Danny
46.1%
Rank Name % Correct
30Dylan
45.7%
194Max
45.3%
52Connor
45.1%
106Derek
45.1%
45Cameron
45%
169Keith
44.3%
9Austin
43.9%
67Carlos
43.8%
285Lawrence
43.5%
134Erik
43.2%
249Albert
42.7%
212Jerry
42.7%
287Arthur
41.7%
138Raymond
41.7%
291Theodore
41.4%
171Drew
40.9%
224Owen
40.9%
273Walter
40.9%
89Mason
40.4%
141Xavier
40.1%
63Jesse
39.8%
96Mitchell
39.4%
47Caleb
39.4%
125Colin
39.1%
209Dennis
38.9%
107Brendan
38.9%
74Elijah
38.7%
127Oscar
38.3%
42Logan
37.9%
36Cody
37.9%
62Trevor
37.6%
129Jeremiah
37.3%
116Brett
37.2%
97Seth
37.2%
114Shane
37.1%
44Hunter
36.9%
257Craig
36.8%
80Blake
36.7%
57Gabriel
36.6%
201Douglas
36.5%
75Antonio
36.4%
115Grant
36.3%
56Jared
35.7%
72Cole
35.7%
131Julian
35.5%
204Carter
35.3%
61Isaiah
35.3%
77Chase
35.1%
264Ricky
35%
110Corey
34.8%
181Harrison
34.5%
216Abraham
34.5%
174Chad
34.3%
81Travis
34.2%
241Brent
34%
187Derrick
33.9%
91Miguel
33.3%
165Cory
33.1%
126Joel
33.1%
269Terry
32.9%
196Jonah
32.9%
262Jeffery
32.8%
160Ivan
32.6%
226Randy
32.6%
88Dustin
32.2%
142Johnathan
32%
148Maxwell
31.8%
222Aidan
31.1%
274Darren
31.1%
144Wesley
30.9%
192Calvin
30.9%
95Adrian
30.8%
136Gavin
30.5%
59Devin
30.1%
122Collin
30%
175Roberto
30%
198Edwin
29.7%
256Russell
29.7%
85Garrett
29.6%
112Bryce
29.5%
53Luis
28.8%
130Ricardo
28.6%
190Conner
28.5%
150Parker
28.4%
117Jorge
28.4%
159Brady
28.2%
208Curtis
28.1%
128Dominic
27.9%
245Trent
27.6%
146Manuel
27.5%
268Carson
27.4%
86Angel
27.4%
119Devon
27.1%
135Riley
27%
170Troy
26.7%
137Wyatt
26.6%
266Morgan
26.5%
132Dillon
26.4%
290Ashton
26.3%
296Miles
26.1%
Rank Name % Correct
203Landon
26%
300Quinn
25.9%
206Damien
25.9%
297Lance
25.8%
152Mario
25.6%
92Tristan
25.5%
180Jonathon
25.4%
207Pedro
25.2%
143Nicolas
25.1%
108Colton
25.1%
189Sebastian
25%
99Alejandro
24.9%
176Marco
24.7%
123Alec
24.2%
163Casey
24.2%
202Micah
24.1%
104Spencer
24%
167Hayden
23.7%
161Edgar
23.7%
286Drake
23.6%
258Kristopher
23.4%
265Micheal
22.9%
197Erick
22.8%
254Peyton
22.7%
214Mathew
22.7%
157Levi
22.6%
153Javier
22.3%
223Josiah
22%
178Preston
21.6%
140Eduardo
21.5%
250Avery
21.4%
246Jaime
21.3%
82Tanner
21.2%
235Nolan
21.1%
147Clayton
21%
282Quentin
20.8%
237Trey
20.4%
238Julio
20.3%
247Zackary
20.1%
271Zane
19.7%
154Omar
19.6%
133Francisco
19.4%
191Chance
19%
240Alberto
18.6%
186Diego
18.6%
120Alexis
18.5%
270Saul
18.4%
184Chandler
18.3%
267Braden
18.3%
156Andres
18.1%
281Rodney
17.8%
229Colby
17.6%
284Damon
17.4%
210Emmanuel
17.2%
149Fernando
16.8%
182Trenton
16.3%
151Bailey
16.1%
272Elias
16.1%
179Hector
16%
66Dakota
16%
185Kaleb
15.4%
261Nickolas
15.2%
220Jakob
15.1%
248Dallas
14.6%
145Cristian
14.5%
255Brenden
14.2%
234Zachery
13.9%
293Brock
13.8%
259Dominick
13.5%
90Dalton
13.2%
294Ramon
13.2%
279Alfredo
13.1%
218Raul
13.1%
251Israel
12.7%
221Skyler
12.7%
213Donovan
12.4%
227Rafael
12.1%
193Gage
12%
177Darius
11.8%
278Arturo
11.7%
288Brennan
11.7%
200Dante
11.7%
199Ruben
11.4%
233Marcos
11.1%
172Sergio
11%
225Griffin
10.7%
239Giovanni
10.5%
283Kody
10.4%
230Enrique
10.3%
289Lane
10.3%
205Armando
10.1%
252Josue
9.5%
295Lorenzo
8.9%
188Cesar
8.7%
263Tristen
8.3%
111Malik
7.1%
277Jalen
6.6%
215Gerardo
6.3%
298Gustavo
6.3%
275Deandre
6%

You're not logged in!

Compare scores with friends on all Sporcle quizzes.
OR
Log In

Sporcle TV

Today on Sporcle TV


Watch our educational content, quiz creation guides, and fun videos on Sporcle TV.

Show Comments

Extras

Top Quizzes Today


Score Distribution

Your Account Isn't Verified!

In order to create a playlist on Sporcle, you need to verify the email address you used during registration. Go to your Sporcle Settings to finish the process.

Report this User

Report this user for behavior that violates our Community Guidelines.

Details: